000 00347nam a2200133Ia 4500
005 20260326100029.0
008 260326s9999||||xx |||||||||||||| ||und||
100 _aDomínguez, Manuel Augusto
245 0 _aBuenos Aires Colonial /
_cManuel Augusto Domínguez
260 _bOlimpo
300 _a52 p.
650 _aARQUITECTURA COLONIAL
942 _cBK
999 _c6520
_d6520